MARC details
| 000 -LEADER |
| fixed length control field |
01686cam a22003615a 4500 |
| 001 - CONTROL NUMBER |
| control field |
14509693 |
| 005 - DATE AND TIME OF LATEST TRANSACTION |
| control field |
20161015101816.0 |
| 008 - FIXED-LENGTH DATA ELEMENTS--GENERAL INFORMATION |
| fixed length control field |
060821t2006 enka frb 001 0 eng d |
| 010 ## - LIBRARY OF CONGRESS CONTROL NUMBER |
| LC control number |
2006298137 |
| 020 ## - INTERNATIONAL STANDARD BOOK NUMBER |
| International Standard Book Number |
1845111524 (hbk.) |
| 020 ## - INTERNATIONAL STANDARD BOOK NUMBER |
| International Standard Book Number |
9781845111526 (hbk.) |
| 035 ## - SYSTEM CONTROL NUMBER |
| System control number |
(OCoLC)ocm63137072 |
| 040 ## - CATALOGING SOURCE |
| Original cataloging agency |
UKM |
| Language of cataloging |
eng |
| Transcribing agency |
UKM |
| Modifying agency |
BAKER |
| -- |
BWKUK |
| -- |
OCLCQ |
| -- |
IXA |
| -- |
DLC |
| -- |
EG-ScBUE |
| 043 ## - GEOGRAPHIC AREA CODE |
| Geographic area code |
a-ii--- |
| 082 04 - DEWEY DECIMAL CLASSIFICATION NUMBER |
| Classification number |
305.420954 |
| Item number |
BRA |
| Edition number |
22 |
| 100 1# - MAIN ENTRY--PERSONAL NAME |
| Personal name |
Bradley, Tamsin. |
| 9 (RLIN) |
41546 |
| 245 10 - TITLE STATEMENT |
| Title |
Challenging the NGOs : |
| Remainder of title |
women, religion, and western dialogues in India / |
| Statement of responsibility, etc |
Tamsin Bradley. |
| 260 ## - PUBLICATION, DISTRIBUTION, ETC. (IMPRINT) |
| Place of publication, distribution, etc |
London ; |
| -- |
New York : |
| Name of publisher, distributor, etc |
Tauris Academic Studies, |
| Date of publication, distribution, etc |
c.2006. |
| 300 ## - PHYSICAL DESCRIPTION |
| Extent |
xxiv, 232 p. : |
| Other physical details |
ill. ; |
| Dimensions |
23 cm. |
| 490 0# - Series Statement |
| Series statement |
International library of human geography ; |
| Volume/sequential designation |
10 |
| 500 ## - GENERAL NOTE |
| General note |
Index : p. 227-232. |
| 504 ## - BIBLIOGRAPHY, ETC. NOTE |
| Bibliography, etc |
Bibliography : p. 195-226. |
| 520 ## - SUMMARY, ETC. |
| Summary, etc |
Examines the interfaces between religion, gender, anthropology, and social development, and focuses on the operation of grass roots non-governmental organisations. This book argues that these agencies need to adopt a fresh methodology if they are to increase efficiency. |
| 650 #0 - SUBJECT ADDED ENTRY--TOPICAL TERM |
| Topical term or geographic name as entry element |
Women in development |
| Geographic subdivision |
India. |
| Source of heading or term |
BUEsh |
| 650 #0 - SUBJECT ADDED ENTRY--TOPICAL TERM |
| Topical term or geographic name as entry element |
Non-governmental organizations |
| Geographic subdivision |
India. |
| Source of heading or term |
BUEsh |
| 650 #0 - SUBJECT ADDED ENTRY--TOPICAL TERM |
| Topical term or geographic name as entry element |
Women and religion |
| Geographic subdivision |
India. |
| Source of heading or term |
BUEsh |
| 651 ## - SUBJECT ADDED ENTRY--GEOGRAPHIC NAME |
| Source of heading or term |
BUEsh |
| 653 ## - INDEX TERM--UNCONTROLLED |
| Resource For college |
BAEPS, Political Science |
| Arrived date list |
October2016 |
| 856 42 - ELECTRONIC LOCATION AND ACCESS |
| Materials specified |
Contributor biographical information |
| Uniform Resource Identifier |
<a href="http://www.loc.gov/catdir/enhancements/fy0667/2006298137-b.html">http://www.loc.gov/catdir/enhancements/fy0667/2006298137-b.html</a> |
| 856 42 - ELECTRONIC LOCATION AND ACCESS |
| Materials specified |
Publisher description |
| Uniform Resource Identifier |
<a href="http://www.loc.gov/catdir/enhancements/fy0667/2006298137-d.html">http://www.loc.gov/catdir/enhancements/fy0667/2006298137-d.html</a> |
| 856 41 - ELECTRONIC LOCATION AND ACCESS |
| Materials specified |
Table of contents only |
| Uniform Resource Identifier |
<a href="http://www.loc.gov/catdir/enhancements/fy0667/2006298137-t.html">http://www.loc.gov/catdir/enhancements/fy0667/2006298137-t.html</a> |
| 942 ## - ADDED ENTRY ELEMENTS (KOHA) |
| Source of classification or shelving scheme |
Dewey Decimal Classification |